Род Anathyris Peetz в сибирском девоне; Сборник по геологии Сибири

Λεπτομέρειες βιβλιογραφικής εγγραφής
Parent link:Сборник по геологии Сибири.— 1933.— С. 108-133
Κύριος συγγραφέας: Халфин Л. Л. Леонтий Леонтьевич
Γλώσσα:Ρωσικά
Έκδοση: 1933
Θέματα:
Μορφή: MixedMaterials Κεφάλαιο βιβλίου
KOHA link:https://koha.lib.tpu.ru/cgi-bin/koha/opac-detail.pl?biblionumber=173775

MARC

LEADER 00000naa2a2200000 4500
001 173775
005 20231031164522.0
035 |a (RuTPU)RU\TPU\book\188456 
035 |a RU\TPU\tpu\3302 
090 |a 173775 
100 |a 20091230d1933 k y0rusy50 ca 
101 0 |a rus 
102 |a RU 
200 1 |a Род Anathyris Peetz в сибирском девоне  |f Л. Л. Халфин 
320 |a Библиогр.: 20 назв. 
463 0 |0 (RuTPU)RU\TPU\book\186261  |t Сборник по геологии Сибири   |f под ред. В. А. Ветрова, Н. Н. Горностаева, М. К. Коровина, И. М. Мягкова  |v С. 108-133  |d 1933  |p 348 с. 
610 1 |a биологические науки 
610 1 |a палеонтология 
610 1 |a труды учёных ТПУ 
700 1 |a Халфин  |b Л. Л.  |c российский ученый  |c горный инженер  |c профессор Томского политехнического института  |f 1902-1977  |g Леонтий Леонтьевич  |2 stltpush  |3 (RuTPU)RU\TPU\pers\1945 
801 0 |a RU  |b 63413507  |c 20011210  |g PSBO 
801 2 |a RU  |b 63413507  |c 20091230  |g PSBO 
942 |c BK